00586cam a22002171 4500001001300000003000400013005001700017008004100034010001700075025002000092035002000112040002100132042001200153050001500165100001600180245004500196260004400241300004000285500002700325650001600352sa 65005247 DLC20260227112136.0841012s1962 io ck 000 0 ind  asa 65005247  aPL480:Indo-1708 a(OCoLC)11259608 aDLCcWUdWUdDLC apremarc00aBF145b.N81 aNurhadi, R.10aIlmu kebatinan modernc[oleh R. Nurhadi] aGombong,bJajasan Setyakic[cover 1962] a124 p.bfold. forms, ports.c16 cm. aIllustras: Abdulsalam. 0aPsychology.